| 000 | 00788cam a2200217 a 4500 | ||
|---|---|---|---|
| 001 | 000005784 | ||
| 005 | 20200929151802.0 | ||
| 008 | 910110s1981 uy 001 0 spa | ||
| 040 |
_aDO-SdBNP _bspa _cBNPHU |
||
| 082 |
_a989.504 _bR291p |
||
| 100 | 1 |
_aRebella, Juan Antonio, _d1974-2006. _916364 |
|
| 245 | 1 | 0 |
_aPurificación : _bsede del protectorado de "los pueblos libres" (1815-1818) / _cJuan Antonio Rebella. |
| 260 |
_aMontevideo, Uruguay : _bMinisterio de Educación y Cultura, _c1981. |
||
| 300 |
_a178 p. ; _c19 cm. |
||
| 490 | 1 | _aBiblioteca Artigas ; | |
| 490 | 1 |
_aClásicos uruguayos ; _v163. |
|
| 651 | 4 |
_aUruguay _xHistoria _y1810-1830. _916365 |
|
| 650 | 4 |
_aPurificación _zUruguay _916366 |
|
| 830 | 0 |
_aBiblioteca Artigas ; _916279 |
|
| 830 | 0 |
_aClásicos uruguayos ; _n163 _916367 |
|
| 999 |
_c5580 _d5580 |
||